| Tag |
First Indicator |
Second Indicator |
Subfields |
| LEADER |
00000cam a2200000 a 4500 |
| 001 |
in00000069891 |
| 005 |
20151008055910.0 |
| 008 |
780929s1977 nyua b 00010 engm |
| 010 |
|
|
|a 77073627
|
| 020 |
|
|
|a 0872900630
|
| 035 |
|
|
|a (OCoLC)03429339
|
| 035 |
|
|
|9 AAJ4673AM
|
| 040 |
|
|
|a DLC
|c DLC
|d m.c.
|d TXA
|d UtOrBLW
|
| 043 |
|
|
|a n-us-ny
|
| 049 |
|
|
|a TXAM
|c [933187]
|
| 050 |
0 |
0 |
|a NK5102.C65
|b C6737
|
| 082 |
0 |
|
|a 069.53
|
| 110 |
2 |
|
|a Corning Museum of Glass.
|
| 245 |
1 |
4 |
|a The Corning flood :
|b museum under water /
|c the Corning Museum of Glass ; [editor, John H. Martin ; associate editor, Charleen K. Edwards].
|
| 264 |
|
1 |
|a Corning, N.Y. :
|b The Museum,
|c [1977]
|
| 264 |
|
4 |
|c ©1977
|
| 300 |
|
|
|a 60, xi pages :
|b illustrations ;
|c 28 cm.
|
| 336 |
|
|
|a text
|b txt
|2 rdacontent
|
| 337 |
|
|
|a unmediated
|b n
|2 rdamedia
|
| 338 |
|
|
|a volume
|b nc
|2 rdacarrier
|
| 504 |
|
|
|a Bibliography: pages xi.
|
| 610 |
2 |
0 |
|a Corning Museum of Glass.
|
| 650 |
|
0 |
|a Art museums
|z New York (State)
|z Corning
|x Conservation and restoration.
|
| 651 |
|
0 |
|a Corning (N.Y.)
|x Flood, 1972.
|
| 700 |
1 |
|
|a Martin, John H.,
|d 1922-
|
| 700 |
1 |
|
|a Edwards, Charleen K.,
|d 1927-
|
| 999 |
|
|
|a MARS
|
| 999 |
f |
f |
|s 8a30e3f1-01b8-3f10-a1ac-e43220f9231b
|i 07b4058d-5329-38ce-9057-7b1df835eb9b
|t 0
|
| 952 |
f |
f |
|p normal
|a Texas A&M University
|b College Station
|c Sterling C. Evans Library
|d Evans: Library Stacks
|t 0
|e NK5102.C65 C6737
|h Library of Congress classification
|i unmediated -- volume
|m A14806171018
|
| 998 |
f |
f |
|a NK5102.C65 C6737
|t 0
|l Evans: Library Stacks
|